| 000 | 00623nam a2200229 i 4500 | ||
|---|---|---|---|
| 001 | C2-0341672 | ||
| 003 | PPAK | ||
| 005 | 20180728143305.0 | ||
| 008 | 170606s2000 xx |||| ||||| | may d | ||
| 020 | _a9810416555 | ||
| 040 |
_aPPAK _beng _cPPAK _erda |
||
| 082 | 0 | 4 |
_a899.231 _223 |
| 090 | 0 | 0 |
_a899.231 _bANT _dKK |
| 245 | 0 | 0 |
_aAntologi puisi : _bkita musafir dalam daerah ini |
| 264 | 1 |
_bKumpulan Angkatan Muda Sastera , _c2000 |
|
| 300 |
_axiv, 122 pages ; _c23 cm |
||
| 336 |
_2rdacontent _atext |
||
| 337 |
_2rdamedia _aunmediated |
||
| 338 |
_2rdacarrier _avolume |
||
| 650 | 1 | 0 | _aMalay poetry. |
| 942 |
_ddc _cB |
||
| 999 |
_c138692 _d138692 |
||